PROJECTS IN ELECTRICITY (Record no. 583341)

000 -LEADER
fixed length control field 00236nam a22001097a 4500
082 ## - DEWEY DECIMAL CLASSIFICATION NUMBER
Classification number 537 COL'P
100 ## - MAIN ENTRY--PERSONAL NAME
Personal name COLLINGS, M. D
9 (RLIN) 78178
245 ## - TITLE STATEMENT
Title PROJECTS IN ELECTRICITY
260 ## - PUBLICATION, DISTRIBUTION, ETC.
Place of publication, distribution, etc. USA
Name of publisher, distributor, etc. MCKNIGHT
Date of publication, distribution, etc. 1941
300 ## - PHYSICAL DESCRIPTION
Extent 80P
942 ## - ADDED ENTRY ELEMENTS (KOHA)
Koha item type Book
Holdings
Withdrawn status Lost status Damaged status Not for loan Permanent Location Current Location Shelving location Date acquired Total Checkouts Full call number Barcode Date last seen Price effective from Koha item type
        College of Electrical & Mechanical Engineering (CEME) College of Electrical & Mechanical Engineering (CEME) General Stacks 06/14/2017   537 COL'P CEME-8381 06/28/2021 06/28/2021 Book
© 2023 Central Library, National University of Sciences and Technology. All Rights Reserved.